000 00813nam a2200265Ia 4500
001 1884
005 20240113233519.0
007 ta
008 050217s1889 a g b000 u eng u
020 _cHB
040 _aCotton College,Assam
041 _aeng
082 _a001
_bEn 19
245 0 _aEnyclopaedic Dictionary: New and original work of Reference to the words in the English Language Vol. VII ( Part. I ) /
_hTextual Documents
250 _a1st ed. /
260 _aLondon :
_bCassell and Company, Ltd ,
_c1889.
300 _a384p. :
_bill ;
_c24cm .
500 _aStt. of resp. is not available
653 _aDictionaries-English language
653 _aEnglish language-Dictionaries
653 _aReference-Dictionaries
942 _2ddc
_cBK
999 _c1879
_d1879